<?xml version="1.0" encoding="UTF-8"?>
<record
    xmlns:xsi="http://www.w3.org/2001/XMLSchema-instance"
    xsi:schemaLocation="http://www.loc.gov/MARC21/slim http://www.loc.gov/standards/marcxml/schema/MARC21slim.xsd"
    xmlns="http://www.loc.gov/MARC21/slim">

  <leader>03732nam a2200565Ia 4500</leader>
  <controlfield tag="001">321</controlfield>
  <controlfield tag="008">241029s9999    xx            000 0 und d</controlfield>
  <datafield tag="010" ind1=" " ind2=" ">
    <subfield code="a">289</subfield>
  </datafield>
  <datafield tag="041" ind1=" " ind2=" ">
    <subfield code="a">Espa&#xF1;ol</subfield>
  </datafield>
  <datafield tag="082" ind1=" " ind2=" ">
    <subfield code="a">2013/Bunevs.C65</subfield>
  </datafield>
  <datafield tag="245" ind1=" " ind2="0">
    <subfield code="a">Uso de las Tics en el proceso ense&#xF1;anza-aprendizaje y su incidencia en la conducta de los/as alumnos/as de 3ro. y 4to. Grado, Nivel Medio del Segundo Semestre en el Instituto Polit&#xE9;cnico Ram&#xF3;n Dubert Novo, Cienfuegos, Santiago, Rep&#xFA;blica Dominicana</subfield>
  </datafield>
  <datafield tag="260" ind1=" " ind2=" ">
    <subfield code="a">Santiago</subfield>
  </datafield>
  <datafield tag="300" ind1=" " ind2=" ">
    <subfield code="a">95</subfield>
  </datafield>
  <datafield tag="520" ind1=" " ind2=" ">
    <subfield code="a">36</subfield>
  </datafield>
  <datafield tag="630" ind1=" " ind2=" ">
    <subfield code="a">Ense&#xF1;anza-Aprendizaje</subfield>
  </datafield>
  <datafield tag="630" ind1=" " ind2=" ">
    <subfield code="a">Incidencia</subfield>
  </datafield>
  <datafield tag="630" ind1=" " ind2=" ">
    <subfield code="a">Recursos Tecnol&#xF3;gicos</subfield>
  </datafield>
  <datafield tag="630" ind1=" " ind2=" ">
    <subfield code="a">Tecnolog&#xED;a Educativa</subfield>
  </datafield>
  <datafield tag="650" ind1=" " ind2=" ">
    <subfield code="a">Tecnolog&#xED;a de la Informaci&#xF3;n y de la Comunicaci&#xF3;n (TICs)</subfield>
  </datafield>
  <datafield tag="690" ind1=" " ind2=" ">
    <subfield code="a">Sintetizado</subfield>
  </datafield>
  <datafield tag="700" ind1=" " ind2=" ">
    <subfield code="e">asesor</subfield>
    <subfield code="a">Reyes, Rafael </subfield>
  </datafield>
  <datafield tag="700" ind1=" " ind2=" ">
    <subfield code="e">autor</subfield>
    <subfield code="a">Col&#xF3;n, Yolanda Altagracia </subfield>
  </datafield>
  <datafield tag="700" ind1=" " ind2=" ">
    <subfield code="e">autor</subfield>
    <subfield code="a">Santana O, Josefina </subfield>
  </datafield>
  <datafield tag="901" ind1=" " ind2=" ">
    <subfield code="a">{"1":"Col&#xF3;n","2":"Santana O"}</subfield>
    <subfield code="b">{"1":"Yolanda Altagracia ","2":"Josefina "}</subfield>
  </datafield>
  <datafield tag="902" ind1=" " ind2=" ">
    <subfield code="a">1</subfield>
  </datafield>
  <datafield tag="903" ind1=" " ind2=" ">
    <subfield code="a">{"1":"Reyes"}</subfield>
    <subfield code="b">{"1":"Rafael "}</subfield>
  </datafield>
  <datafield tag="904" ind1=" " ind2=" ">
    <subfield code="a">Mag&#xED;ster en</subfield>
  </datafield>
  <datafield tag="905" ind1=" " ind2=" ">
    <subfield code="a">Gesti&#xF3;n Educativa</subfield>
  </datafield>
  <datafield tag="906" ind1=" " ind2=" ">
    <subfield code="a">2</subfield>
  </datafield>
  <datafield tag="907" ind1=" " ind2=" ">
    <subfield code="a">NO APLICA</subfield>
  </datafield>
  <datafield tag="908" ind1=" " ind2=" ">
    <subfield code="a">NO APLICA</subfield>
  </datafield>
  <datafield tag="909" ind1=" " ind2=" ">
    <subfield code="a">Universidad Nacional Evang&#xE9;lica (UNEV), Recinto Santiago</subfield>
  </datafield>
  <datafield tag="910" ind1=" " ind2=" ">
    <subfield code="a">NULL</subfield>
    <subfield code="b">NULL</subfield>
  </datafield>
  <datafield tag="911" ind1=" " ind2=" ">
    <subfield code="a">["1"]</subfield>
  </datafield>
  <datafield tag="912" ind1=" " ind2=" ">
    <subfield code="a">NO APLICA</subfield>
  </datafield>
  <datafield tag="913" ind1=" " ind2=" ">
    <subfield code="a">NULL</subfield>
  </datafield>
  <datafield tag="914" ind1=" " ind2=" ">
    <subfield code="a">01 de Noviembre de 2013</subfield>
  </datafield>
  <datafield tag="915" ind1=" " ind2=" ">
    <subfield code="a">17/09/14 11:09</subfield>
  </datafield>
  <datafield tag="916" ind1=" " ind2=" ">
    <subfield code="a">NULL</subfield>
  </datafield>
  <datafield tag="917" ind1=" " ind2=" ">
    <subfield code="a">NULL</subfield>
  </datafield>
  <datafield tag="918" ind1=" " ind2=" ">
    <subfield code="a">NO APLICA</subfield>
  </datafield>
  <datafield tag="919" ind1=" " ind2=" ">
    <subfield code="a">["89","209","218","191"]</subfield>
  </datafield>
  <datafield tag="520" ind1=" " ind2=" ">
    <subfield code="a">Este estudio contempl&#xF3;&#xA0;la problem&#xE1;tica que enfrenta el Instituto Polit&#xE9;cnico Ram&#xF3;n Dubert Novo y los/as alumnos/as de 3ro. y 4to. grado, con el uso de la tecnolog&#xED;a en el proceso ense&#xF1;anza - aprendizaje y su incidencia en los patrones de conducta. fue evidente que este centro educativo enfrenta problemas de conducta de los alumnos/as, siendo reflejada en la agresividad hacia los compa&#xF1;eros, irresponsabilidad en las tareas, adem&#xE1;s profesores y estudiantes son v&#xED;ctimas de la proliferaci&#xF3;n de informaci&#xF3;n en las redes sociales, se manifest&#xF3;&#xA0;adem&#xE1;s la falta de recursos tecnol&#xF3;gicos y did&#xE1;cticos que afecta la calidad educativa. Se evidenci&#xF3;&#xA0;la incidencia de las tics en los patrones de conducta de los alumnos en el aprendizaje significativo, el rendimiento acad&#xE9;mico y en el comportamiento de los alumnos. Se mostraron factores que interfieren en el uso de las tics como son recursos tecnol&#xF3;gicos insuficientes, actitud del docente, disposici&#xF3;n de los alumnos/as, influencia de amigos adictos a las tics, lo cual afecta a los educandos en lo personal, emocional y social.Esta investigaci&#xF3;n reflej&#xF3;&#xA0;algunas dificultades que enfrentan los alumnos para acceder a las tics como son: recursos insuficientes, conexi&#xF3;n a Internet lenta, falta de laboratorios, informaciones arrojadas en los instrumentos de recolecci&#xF3;n de datos. Se pudo constatar que el uso en forma adecuada de las tics en el proceso de ense&#xF1;anza - aprendizaje mejoran las relaciones interpersonales, ofrecen diferentes medios de expresi&#xF3;n, fomentan el conocimiento y competencia de los alumnos, lo que demostr&#xF3;&#xA0;que el buen uso de la misma contribuye a la mejora de la calidad educativa.&#xA0;Por otro lado, se consider&#xF3;&#xA0;que el uso desmedido de las tics causa da&#xF1;os de gran envergadura a la educaci&#xF3;n, lo que resulta dif&#xED;cil de controlar, debido al gran c&#xFA;mulo de informaci&#xF3;n a que est&#xE1;n expuestas las personas hoy d&#xED;a. Lo que demanda de acciones inmediatas que controlen el uso de las tics y con ello las conductas de los alumnos/as. &#xA0; &#xA0;&#xA0;</subfield>
  </datafield>
  <datafield tag="921" ind1=" " ind2=" ">
    <subfield code="a">11</subfield>
  </datafield>
  <datafield tag="922" ind1=" " ind2=" ">
    <subfield code="a">11</subfield>
  </datafield>
  <datafield tag="923" ind1=" " ind2=" ">
    <subfield code="a">0</subfield>
  </datafield>
  <datafield tag="924" ind1=" " ind2=" ">
    <subfield code="a">NO APLICA</subfield>
  </datafield>
  <datafield tag="942" ind1=" " ind2=" ">
    <subfield code="c">Tesis</subfield>
  </datafield>
  <datafield tag="999" ind1=" " ind2=" ">
    <subfield code="c">289</subfield>
    <subfield code="d">289</subfield>
  </datafield>
</record>
